It looks like you're offline.
Open Library logo
additional options menu

MARC record from Internet Archive

LEADER: 02039cam 2200661M 4500
001 ocm59928547
003 OCoLC
005 20210123184952.0
008 050501s1991 enk 000 f eng d
040 $aUKV3G$beng$cUKV3G$dUKM$dTOH$dOCLCF$dOCLCO$dOCLCQ$dOCLCO
015 $aGB9207459$2bnb
015 $aGB9243949$2bnb
016 7 $a010044698$2Uk
016 7 $a010044842$2Uk
019 $a26314624
020 $a0330320556
020 $a9780330320559
020 $a0330320564$q(pbk.)
020 $a9780330320566$q(pbk.)
020 $a0330323164$q(pbk.)
020 $a9780330323161$q(pbk.)
035 $a(OCoLC)59928547$z(OCoLC)26314624
082 04 $a813.54$220
100 1 $aNiven, Larry,$d1938-
245 14 $aThe voodoo game /$cLarry Niven & Steven Barnes.
260 $bPan,$c1991.
300 $avi, 344 pages
336 $atext$btxt$2rdacontent
337 $aunmediated$bn$2rdamedia
338 $avolume$bnc$2rdacarrier
650 0 $aDream Park (Imaginary place)$vFiction.
650 0 $aComputer adventure games$vFiction.
650 0 $aVirtual reality$vFiction.
650 0 $aVodou$vFiction.
650 7 $aComputer adventure games.$2fast$0(OCoLC)fst00872008
650 7 $aDream Park (Imaginary place)$2fast$0(OCoLC)fst00897885
650 7 $aVirtual reality.$2fast$0(OCoLC)fst01167688
650 7 $aVodou.$2fast$0(OCoLC)fst01801724
653 1 $aEnglish fiction
653 1 $aUnited States
653 0 $aEnglish fiction
653 0 $aUnited States
655 7 $aFiction.$2fast$0(OCoLC)fst01423787
700 1 $aBarnes, Steven.
800 1 $aNiven, Larry.$tDream park ;$v3.
029 1 $aAU@$b000008423622
029 1 $aNOK$b0330320556
029 1 $aNZ1$b3935881
029 1 $aNZ1$b9514058
029 1 $aUKDON$b0330320556
029 1 $aUKWLT$b97219
029 1 $aUKYLI$b0330320556
029 1 $aUNITY$b042341469
029 1 $aUNITY$b076408566
029 1 $aUNITY$b114306974
029 1 $aUNITY$b126770530
994 $aZ0$bP4A
948 $hNO HOLDINGS IN P4A - 25 OTHER HOLDINGS